[Event "Gashimov Memorial 2nd"]
[Site "Shamkir"]
[Date "2015.04.25"]
[Round "8"]
[White "Anand, Viswanathan"]
[Black "Mamedyarov, Shakhriyar"]
[Result "1-0"]
[WhiteElo "2791"]
[BlackElo "2756"]
[Annotator "Pavlovic,M"]
[PlyCount "85"]
[EventDate "2015.04.17"]
[EventType "tourn"]
[EventRounds "9"]
[EventCountry "AZE"]
[EventCategory "21"]
[SourceTitle "CBM 166"]
[Source "ChessBase"]
[SourceDate "2015.05.11"]
[SourceVersion "1"]
[SourceVersionDate "2015.05.11"]
[SourceQuality "1"]

1. e4 e5 2. Nf3 Nf6 3. Nc3 Nc6 4. Bb5 {The Four Knights is an interesting
opening for both sides and it has been popular in recent years. White is
trying to make many openings playable and that is how this one came into focus.
} Bb4 5. O-O O-O 6. d3 d6 7. Ne2 {Not highly popular but a known idea; in his
comments Anand said that he wanted to use something practical, and he got
exactly that.} Ne7 8. c3 Ba5 9. Ng3 Ng6 {I will give some examples how the
game might have continued if Black took the opportunity to chase the bishop
with ...c6.} (9... c6 10. Ba4 Ng6 11. d4 Re8 12. Bc2 h6 13. h3 Be6 (13... d5
14. exd5 e4 15. Ne5 cxd5 16. f4 Bb6 17. Kh1 {1/2-1/2 (107) Lopez Martinez,J 
(2543)-Delchev,A (2637) Linares 2013; with unclear play.}) 14. Be3 Bc7 $5 (
14... Qc7 15. Re1 Rad8 16. Qd2 Bb6 {Compared to the game Black is a tempo up, .
..Rad8 is that tempo up, but still White has a powerful idea even here:} 17.
Nf5 $1 Qd7 $1 (17... d5 18. Nxg7 $1 {with a dangerous attack}) (17... Bxf5 18.
exf5 e4 19. Nh2 Nf8 20. Ng4 Qe7 21. f3 d5 22. Bf4 N8h7 23. Nf2 c5 {with
another complicated position}) 18. Bxh6 (18. Rad1 exd4 19. N5xd4 Bxh3 $1 20.
gxh3 Qxh3 {it is Black now who attacks!}) 18... Nxe4 $1 19. Bxe4 Bxf5 {Black
is fine}) 15. Re1 {we have transposed to some regular positions} (15. Qd2 d5 $1
16. exd5 Bxd5 17. Bxg6 Bxf3 18. Bxf7+ Kxf7 19. gxf3 Nd5 20. Rfe1 exd4 21. Bxd4
Qh4 {Black has more than adequate play}) {A reasonable alternative is} 15...
Qe7 ({In a recent example Black has tried} 15... d5 {I am not so sure that
this works right now} 16. Nxe5 Nxe5 17. dxe5 Nxe4 18. Nxe4 dxe4 19. Bd4 Bd5 (
19... Qg5 20. Bxe4 Bxh3 21. f4 Qg3 22. Qb3 {White has some initiative}) 20.
Bxe4 c5 ({In a very old game Black tried} 20... Bxe4 21. Rxe4 Qd5 22. Qc2 $1 (
22. f3 $6 Bxe5 23. Bxe5 Rxe5 24. Qxd5 Rxd5 25. Re7 Rd2 $11 {1/2-1/2 (25)
Maroczy,G-Teichmann,R Prague 1908}) 22... Bxe5 23. Rae1 f6 24. a3 {White has
the better game}) 21. Bxc5 Rxe5 22. Bxd5 Rxd5 23. Bd4 Qd6 24. Qg4 $5 (24. g3
Bb6 25. Qf3 Bxd4 26. cxd4 Rd8 27. Rad1 b6 28. Re4 f5 29. Rf4 Qd7 {this doesn't
look bad for Black despite his being a pawn down}) 24... Rg5 25. Qf3 Qh2+ 26.
Kf1 Qh1+ 27. Ke2 Qxg2 28. Qxg2 Rxg2 29. Kf3 Rh2 $2 30. Re7 $18 {1-0 (37) Wei
Yi (2706)-Melkumyan,H (2676) Tsaghkadzor 2015}) 16. Qd2 Qf8 17. Rad1 a5 18. a4
Rad8 {with unclear play.}) 10. d4 Bb6 11. Re1 c6 12. Bd3 Re8 13. h3 h6 14. Be3
Be6 15. Qc2 {It is interesting that Anand keeps the queen on c2 instead of the
more logical d2, probably by doing so he "eyes" g6 in case Black goes for some
thematic ...d5.} (15. Qd2 Qc7 (15... Qe7 16. Nf5 Qf8 {is also interesting}) 16.
Nf5 Bxf5 17. exf5 Nf8 18. Bxh6 N8h7 {due to the e4-threat White loses a piece,
still his attack compensates for material losses.} 19. g4 e4 20. g5 Nh5 21.
Bxe4 gxh6 22. f6 $13 {0-1 (28) Adhiban,B (2481)-L'Ami,E (2593) Dieren 2009})
15... Qc7 16. a3 a5 17. c4 $5 {So it's more a positional and slow approach.
Let's see.} a4 18. Red1 {Now we have mixture of many things, it resembles a
Philidor Defence, a Bogo-Indian; Black should be ok here.} exd4 19. Bxd4 Ne5 {
Obvious but perhaps not the best move.} (19... Bxd4 20. Nxd4 Qb6 21. Bf1 Qc5 $1
{By finding this square for the black queen, I think Black could have solved
his problems.} 22. Rd2 h5 23. Rad1 h4 24. Ngf5 Bxf5 25. exf5 Nf4 26. Ne2 Nxe2+
27. Bxe2 Re7 28. Bf3 Rae8 {with good counterplay for Black.}) 20. Be2 Bc5 21.
Rd2 Nfd7 22. Rad1 Red8 $6 {An overambitious try, Black had to exchange one
knight first to ease his position.} (22... Nxf3+ 23. Bxf3 Red8 24. Be2 Bxd4 25.
Rxd4 Nc5 26. Qc3 Nb3 27. R4d3 c5 $5 {with interesting play.}) 23. Nh4 $1 {
Now the situation turns in White's favour, by having f4 at some point it helps
White to increase the pressure.} Bxd4 24. Rxd4 c5 $5 25. Rxd6 Nc6 26. Nhf5 Nd4
27. Qd2 Ne5 {Mamedyarov was counting on something like this.} 28. Rd5 $1 {
A typical sacrifice.} (28. Rxd8+ Rxd8 {would justify Black's idea.}) 28... Bxd5
29. cxd5 {White has strong play for the exchange.} Qb6 30. f4 {We have entered
a position where computers disagree with Anand's sacrifice, but from a human
perspective it looks more than ok.} Ng6 31. Bc4 Qa5 32. Qf2 b5 (32... Nxf5 33.
exf5 Nh4 34. f6 $1 {White has a dangerous attack.}) 33. Nxd4 cxd4 34. Ba2 b4
35. Nf5 bxa3 36. bxa3 Qc3 37. e5 Rab8 38. Rd2 Qxa3 39. Nxd4 Qc1+ 40. Kh2 Rbc8 {
The alternative is facinating:} (40... Rd7 $1 {Computer chess! Such moves
allowing e6 are simply beyond the human approach to chess} 41. e6 fxe6 (41...
Rdb7 42. d6 $1 $18) 42. dxe6 Rdb7 43. f5 Qc7+ 44. g3 Ne7 45. f6 gxf6 46. Qxf6
Rb2 $1 {and Black survives!}) 41. d6 $1 {Now it's over, White is winning.} a3
42. Nf5 Rf8 43. d7 {Followed by Qd4 and e6 Black is helpless.} 1-0

[Event "Sinquefield Cup 3rd"]
[Site "Saint Louis"]
[Date "2015.08.31"]
[Round "8"]
[White "Aronian, Levon"]
[Black "Anand, Viswanathan"]
[Result "1/2-1/2"]
[WhiteElo "2765"]
[BlackElo "2816"]
[PlyCount "61"]
[EventDate "2015.08.23"]
[EventType "tourn"]
[EventRounds "9"]
[EventCountry "USA"]
[EventCategory "22"]
[SourceTitle "CBM 168"]
[Source "ChessBase"]
[SourceDate "2015.09.14"]
[SourceVersion "1"]
[SourceVersionDate "2015.09.14"]
[SourceQuality "1"]

1. c4 e5 2. Nc3 Nf6 3. Nf3 Nc6 4. g3 Bb4 5. Bg2 O-O 6. O-O e4 7. Ng5 Bxc3 8.
bxc3 Re8 9. f3 exf3 10. Nxf3 d5 11. d4 $1 dxc4 (11... Ne4 12. Qc2 dxc4 13. Rb1
f5 {was the game Kasparov-Ivanchuk from 1988. The former World Champion
mentioned how he had prepared this position quite deeply, including the
variations that happened in the game. Back in 1988 he thought that White was
much better with his central control, while it seems that Anand played
confidently enough, perhaps trusting his engine evaluation that keeps it
around equal.}) 12. Bg5 h6 13. Bxf6 Qxf6 14. e4 $1 (14. Ne5 Qe6 15. Bxc6 (15.
Nxf7 Rf8 $11) 15... bxc6 16. Nxf7 (16. Rxf7 c5 {is messy, but not better for
White.}) 16... Qe3+ $19) 14... Bg4 15. Qa4 Qd6 16. Rae1 $6 (16. Qxc4 $14 {
Anand said he analyzed this, but not 16.Rae1.} Rxe4 $2 17. Ng5 $16) 16... Rab8
$1 17. Qxc4 b5 18. e5 {changing the character of the position, going into an
endgame. If White refused to go into this he would have to allow some
interesting pawn breaks.} (18. Qb3 Na5 (18... b4 $5) 19. Qc2 c5 $132) (18. Qd3
b4 19. e5 Qd7 $11) 18... bxc4 19. exd6 cxd6 20. Rxe8+ Rxe8 21. Nd2 {Black is
up a pawn, but he is under some pressure because c4 and d6 are weak.} Na5 22.
Ne4 Rd8 $1 23. Rb1 d5 $1 {Precise play from the Indian player. He finds a
tactical way to solve his knight on a5 problem.} 24. Nc5 Be6 25. Rb5 Nc6 26.
Na6 $11 (26. Rb7 Rb8 27. Rc7 Rb1+ {gives Black enough counterplay.}) 26... Rd7
27. a4 Kf8 28. Nc5 Rc7 29. Na6 Rd7 30. Nc5 Rc7 31. Na6 {There is simply no way
of making progress.} 1/2-1/2

[Event "Wch Blitz 9th"]
[Site "Berlin"]
[Date "2015.10.13"]
[Round "8"]
[White "Anand, Viswanathan"]
[Black "Gajewski, Grzegorz"]
[Result "1/2-1/2"]
[WhiteElo "2803"]
[BlackElo "2654"]
[PlyCount "35"]
[EventDate "2015.10.13"]
[EventType "swiss (blitz)"]
[EventRounds "21"]
[EventCountry "GER"]
[SourceTitle "CBM 168 Extra"]
[Source "ChessBase"]
[SourceDate "2015.10.29"]
[SourceVersion "1"]
[SourceVersionDate "2015.10.29"]
[SourceQuality "1"]

1. d4 Nf6 2. c4 e6 3. Nc3 Bb4 4. e3 O-O 5. Nge2 c6 6. a3 Ba5 7. Ng3 d5 8. Bd3
Nbd7 9. O-O dxc4 10. Bxc4 e5 11. Ba2 Bc7 12. Qc2 Re8 13. dxe5 Nxe5 14. Bd2 Qd3
15. Rac1 Qxc2 16. Rxc2 Be6 17. Bxe6 Rxe6 18. Nf5 1/2-1/2

[Event "Wch Blitz 9th"]
[Site "Berlin"]
[Date "2015.10.13"]
[Round "11"]
[White "Bocharov, Dmitry"]
[Black "Anand, Viswanathan"]
[Result "1-0"]
[WhiteElo "2560"]
[BlackElo "2803"]
[PlyCount "59"]
[EventDate "2015.10.13"]
[EventType "swiss (blitz)"]
[EventRounds "21"]
[EventCountry "GER"]
[SourceTitle "CBM 168 Extra"]
[Source "ChessBase"]
[SourceDate "2015.10.29"]
[SourceVersion "1"]
[SourceVersionDate "2015.10.29"]
[SourceQuality "1"]

1. d4 Nf6 2. c4 e6 3. Nc3 Bb4 4. e3 O-O 5. Nge2 d5 6. a3 Be7 7. cxd5 exd5 8.
Nf4 c6 9. Bd3 Bd6 10. O-O Re8 11. f3 Na6 12. Bc2 Bxf4 13. exf4 Nc7 14. f5 b6
15. Bf4 Bb7 16. Qd2 Re7 17. g4 Nfe8 18. Rf2 f6 19. Rg2 Rf7 20. Re1 Qd7 21. g5
fxg5 22. Rxg5 Nf6 23. Be5 Raf8 24. Kh1 Nce8 25. Ne2 Nd6 26. Reg1 Kh8 27. Nf4
Nc4 28. Qf2 Qe7 29. Qh4 Kg8 30. Ne6 1-0

[Event "Gibraltar Masters 14th"]
[Site "Caleta"]
[Date "2016.01.30"]
[Round "5"]
[White "Anand, Viswanathan"]
[Black "Demuth, Adrien"]
[Result "0-1"]
[WhiteElo "2784"]
[BlackElo "2535"]
[Annotator "Szabo,Kr"]
[PlyCount "90"]
[EventDate "2016.01.26"]
[EventType "swiss"]
[EventRounds "10"]
[EventCountry "GGB"]
[SourceTitle "CBM 171"]
[Source "ChessBase"]
[SourceDate "2016.03.14"]
[SourceVersion "2"]
[SourceVersionDate "2016.03.14"]
[SourceQuality "1"]

1. e4 e5 2. Nf3 Nc6 3. Bb5 a6 4. Ba4 d6 {This is a very interesting and
powerful opening; sometimes some top players also use it.} 5. O-O Bg4 6. h3 h5
7. Bxc6+ ({Of course} 7. hxg4 $2 hxg4 {is not so good for White, Black gets a
strong attack on the h-file.}) (7. d4 {is the other main line.}) 7... bxc6 8.
d3 (8. d4 {is more common move.}) 8... Bxf3 {The solid reply.} (8... Qf6 {
is more popular.}) 9. Qxf3 Qf6 10. Qd1 {Anand wants to keep the Qs.} ({In the
event of} 10. Nd2 Be7 {and White also has to play with his Q, otherwise he
can't continue the development.} 11. Qe2 g5 {is similar to the game.}) 10... g5
{A typical move. Black prepares for ...Ne7-g6.} 11. Nc3 Ne7 12. g3 {A good
move, White would like to close the kingside.} ({The natural} 12. Be3 {could
have been met by} g4 $1 13. hxg4 hxg4 14. Qxg4 Rh4 $44 {with compensation for
the P.}) 12... Bg7 (12... g4 13. h4 $14 {is favourable for White, he can play
for f3.}) 13. Kh2 Qg6 {Black prepares for ...f5.} 14. f4 {A brave decision by
Anand, but he didn't want to allow ...f5.} exf4 15. gxf4 g4 16. f5 Be5+ 17. Bf4
Qf6 18. Qd2 Rb8 19. Rab1 Rg8 20. Bxe5 Qxe5+ 21. Qf4 Qc5 ({Of course Black
doesn't exchange the Qs, because} 21... Qxf4+ $6 22. Rxf4 $14 {and the endgame
is more comfortable for White.}) ({The engine suggests} 21... Qf6 $5 {and now}
22. Rg1 $6 {could have been met by} Ng6 $1 {followed by ...Ne5 and Black looks
nicely placed.}) 22. Rg1 Kd7 23. h4 (23. hxg4 hxg4 24. Kg3 $5) 23... g3+ $5 {
This is the most tempting practical move. Black sacrifices his P, but opens
the g-file and weaken White's K.} ({Nevertheless the computer suggests} 23...
Qd4 $1 {. White is under pressure, moreover Black is threatening with ...Nd5!}
24. Qg3 c5 25. Rgf1 Nc6 $15 {followed by ...Ne5-f3.}) 24. Rxg3 Rxg3 25. Kxg3 (
25. Qxg3 Rg8 26. Qf3 Rg4 27. Kh3 {transposes to the text move.}) 25... Rg8+ 26.
Kh3 Rg4 27. Qf3 Qd4 {Threatening 28...Qf6 29.Qf2 Ng6!} 28. Rf1 Nd5 {A smart
move.} ({Now} 28... Qf6 $6 {is dubious, as} 29. Qf2 {and White is safe, he can
continue with Nd1-e3.}) 29. Ne2 $1 {The right reply!} (29. exd5 {is drawish by}
Rxh4+ 30. Kg2 Rg4+ $11 {and perpetual checks.}) 29... Qf6 30. Qf2 Ne3 $1 {
The correct move!} 31. Rg1 Nxc2 32. Nf4 ({In the event of} 32. Rxg4 $5 hxg4+
33. Kxg4 Qxb2 34. Nf4 {looks slightly better for White, still this is a
difficult endgame.}) 32... Rxg1 33. Qxg1 Qxb2 34. Qg8 Qxa2 35. Nxh5 Ne3 (35...
Ne1 $5 {was also possible.}) 36. Nf6+ Ke7 37. Nh7 $1 {A very nice N manoeuvre;
suddenly Black's K becomes weak. Now White is threatening Qf8 and Nf6 mate!}
Kd7 $1 {Only move!} 38. h5 Qe2 $6 {An inaccuracy.} (38... c5 $1 {was the best
reaction,} 39. h6 Kc6 40. Nf6 Qa1 $1 41. h7 Qh1+ $11 {and perpetual checks.})
39. Kh4 $4 {A big blunder, which loses immediately!} (39. Qxf7+ $1 {should
have been played:} Kc8 40. Qg8+ Kb7 41. Nf6 Qxd3 42. Kh4 {and White's position
is tempting, but still Black has a lot of pratical chances.}) 39... Qh2+ 40.
Kg5 Qg3+ 41. Kh6 Qxg8 42. Nf6+ Ke7 43. Nxg8+ Kf8 $1 $19 {Probably this was the
move, which Anand didn't see when he played 39.Kh4??.} 44. Nf6 a5 45. Kh7 a4 {
A nice scalp for Demuth!} 0-1

[Event "Gibraltar Masters 14th"]
[Site "Caleta"]
[Date "2016.01.31"]
[Round "6"]
[White "Anand, Viswanathan"]
[Black "Fiala, Vaclav"]
[Result "1/2-1/2"]
[WhiteElo "2784"]
[BlackElo "2217"]
[PlyCount "63"]
[EventDate "2016.01.26"]
[EventType "swiss"]
[EventRounds "10"]
[EventCountry "GGB"]
[SourceTitle "CBM 171"]
[Source "ChessBase"]
[SourceDate "2016.03.14"]
[SourceVersion "2"]
[SourceVersionDate "2016.03.14"]
[SourceQuality "1"]

1. e4 c5 2. Nf3 Nc6 3. d4 cxd4 4. Nxd4 g6 5. c4 Bg7 6. Be3 Nf6 7. Nc3 O-O 8.
Be2 d6 9. O-O Bd7 10. Rc1 Nxd4 11. Bxd4 Bc6 12. Qd3 a5 13. Rfd1 Nd7 14. Bxg7
Kxg7 15. Qd4+ f6 16. Bg4 Nc5 17. f4 b6 18. Qe3 e5 19. Rd2 Qe7 20. Rcd1 Rad8 21.
f5 Rh8 22. b3 h5 23. Bh3 g5 24. g3 h4 25. g4 Qc7 26. Bf1 Qb8 27. Bd3 Rd7 28.
Qe2 Rhd8 29. Bc2 Na6 30. a3 Nc7 31. Bd3 Ba8 32. a4 1/2-1/2

[Event "Zuerich Chess Challenge Rapid 5th"]
[Site "Zuerich"]
[Date "2016.02.13"]
[Round "1"]
[White "Anand, Viswanathan"]
[Black "Aronian, Levon"]
[Result "1-0"]
[WhiteElo "2784"]
[BlackElo "2792"]
[Annotator "Marin,M"]
[PlyCount "37"]
[EventDate "2016.02.13"]
[EventType "tourn (rapid)"]
[EventRounds "5"]
[EventCountry "SUI"]
[EventCategory "21"]
[SourceTitle "CBM 171"]
[Source "ChessBase"]
[SourceDate "2016.03.14"]
[SourceVersion "2"]
[SourceVersionDate "2016.03.14"]
[SourceQuality "1"]

1. e4 e5 2. Nf3 Nc6 3. Bb5 ({Since Anand transposed to the Four Knights
Opening on the next move, one natural question is why he did not use the
genuine move order of this opening} 3. Nc3 Nf6 4. Bb5 {Quite possibly, he felt
comfortable in the Marshall/Anti-Marshall lines and wanted to give Aronian a
"chance" to get there.}) 3... Nf6 4. Nc3 Bd6 $5 {Adams,M (2505)-Malaniuk,V 
(2560) GMA Baleares op 1989 (8) 0-1 A relatively rare move, but not a bad one.
For the time being the bishop is not exposed at all on d6 and it can go later
to c5 without allowing the usual Nxe5 stuff, or simply back to f8. In some
lines it can be important that the e5-pawn is over-defended, giving freedom to
the c6-knight to be transferred to g6 or to harass the white bishop with ...a6,
...b5 and ...Na5/d4. The first time I saw this curious idea was in the
classical Arkhangelsk Ruy Lopez in} 5. O-O O-O 6. d3 ({In view of the next
comment, it is also worth mentioning} 6. a3 {, preparing a bishop retreat to
a2. But in this case Black is not forced to transpose to the game with ...Re8,
as the insufficient defence of the e4-pawn allows} Nd4 $1 7. Bc4 c6 8. d3 Bc7
9. h3 d5 $11 {Szabo,K (2506)-Efimenko,Z (2677) Sarajevo 2010 (1/2-1/2, 60)})
6... Re8 {Providing the e5-pawn with an additional defence in order to free
the bishop.} ({But I believe this is a good moment for harassing the enemy
bishop already with} 6... a6 7. Ba4 b5 8. Bb3 Na5 9. Ne2 Re8 10. Ng3 Bf8 11.
Bd2 Nxb3 12. axb3 h6 (12... d5 13. Bg5 Bb7 14. Nh5 Be7) 13. c4 Rb8 14. Qc2 d6
15. d4 exd4 16. Nxd4 Bb7 17. f3 $14 {Lagno,K (2459)-Zhao,X (2530) Kemer 2007 
(1-0, 49)}) 7. a3 h6 {This move was unanimously played so far. The threat Bg5
was not too annoying yet, but it could become so a couple of moves later.} ({
For instance if} 7... Bc5 $146 8. Nd5 $5 {Black has to take measures against
Bg5 already.} Nxd5 (8... h6 9. c3 $14) (8... a6 9. Ba4 Nxd5 10. exd5 Nd4 11.
Nxd4 Bxd4 12. c3 Ba7 13. d6 $1 cxd6 14. Bb3 $32) (8... d6 $2 9. Bg5 $16) 9.
exd5 Nd4 10. Nxd4 Bxd4 (10... exd4 11. Qf3 {[%cal Gd7d6,Rb5e8]} Rf8 12. Bd2 d6
13. Rfe1 $14) 11. c3 Bb6 12. Qf3 Rf8 13. Qg3 $36 d6 $2 14. Bh6 Qf6 15. Bg5 Qg6
16. Be7 $16 {[%csl Gf8]}) ({But} 7... Nd4 $146 {looks playable even though the
e4-pawn is solidly defended and White can take on d4 without problems.} 8. Nxd4
exd4 9. Ne2 Bc5 (9... c5 10. Bc4 Bc7 {[%cal Gd7d5]} 11. Bf4 $5 {[%csl Gc4]})
10. b4 (10. Bg5 $5) 10... Bb6 11. Bb2 c6 12. Ba4 d5 $132) 8. Bc4 $5 {[%csl Gf7]
Since Black is going to waste a tempo with his king's bishop, White is
entitled to do the same with his own.} ({If} 8. Ne2 Ne7 9. Ng3 Ng6 10. Re1 c6
11. Ba4 Bc7 12. c3 d5 $15 {Degraeve,J (2523)-Bacrot,E (2691) Pau 2008 (½-½,
35), Black has regrouped perfectly.}) 8... Bc5 (8... Bf8 {is solid but
somewhat passive.} 9. h3 d6 10. Be3 (10. Nh2 Be6 11. Nd5 Bxd5 12. exd5 Ne7 13.
Qf3 $14 {Vavulin,M (2442)-Lysyj,I (2677) Sochi 2015 (1/2-1/2, 64)}) 10... a6
11. b4 Ne7 12. Bb3 Ng6 13. Re1 $14 {Zhao,J (2610)-Malakhov,V (2694) China 2014
(1/2-1/2, 41)}) 9. Be3 Bxe3 $146 {Opening the f-file after having weakened the
kingside with ...h7-h6 looks like playing with fire.} ({True,} 9... Bb6 {
wastes another tempo, allowing White to take over the initiative:} 10. Qd2 d6 (
10... Bxe3 11. fxe3 d6 12. Nh4 Be6 13. Nf5 $14) 11. Bxh6 $1 gxh6 12. Qxh6 Re6 (
12... Nh7 13. Bxf7+ $1) (12... Be6 13. Ng5 $40 Bxc4 $2 14. dxc4 Nb8 15. Nd5
Nbd7 16. Rad1 $18 {[%cal Gd1d3,Gd3g3]}) 13. Bxe6 fxe6 (13... Bxe6 14. Ng5 $18 {
[%cal Gg1h1,Gf2f4]}) 14. Qg6+ Kf8 (14... Kh8 15. Ng5 $18) 15. Qh6+ (15. Na4 Qe7
16. Nxb6 axb6 17. c3 $14) 15... Ke7 16. Qg7+ Ke8 {Saldano Dayer,H (2474)
-Flores,D (2562) Villa Martelli 2014 (0-1, 48)} 17. Na4 $5 $14) ({But the
developing} 9... d6 {looks good enough.} 10. h3 (10. Qd2 Bxe3 11. fxe3 Ne7 12.
Nh4 c6) (10. Bxc5 dxc5 $11) 10... Be6 11. Bxe6 Rxe6 12. Bxc5 dxc5 13. Nd2 {
At this moment Black should not have any serious problems.} Nd4 14. Nc4 Nd7 {
This is somewhat passive and might be the cause of Black's ulteriour
micro-problems.} (14... g6 $5 {[%cal Gf6h5]} 15. Ne2 Nh5) 15. Nd5 c6 16. Nde3
Rg6 17. c3 Ne6 18. Kh2 b5 19. Nd2 Nf4 20. Nf3 Rd6 21. d4 $14 {Goumas,G (2409)
-Iordachescu,V (2645) Korinthia 2012 (1/2-1/2, 66)}) 10. fxe3 d6 11. Nh4 Be6
12. Nf5 Bxc4 $6 {A very uninspired decision, especially coming from a player
of Aronian's calibre. Black not only opens another file for White's pressure,
allowing him to consolidate the control over the d5-square at the same time,
but also gives away an important defender of the kingside.} ({Even without the
exchange of bishops} 12... Kh7 {wouldn't have been entirely satisfactory.} 13.
Nd5 Bxd5 14. Bxd5 $14 {[%csl Gd5]} Nxd5 $2 15. exd5 $40 Ne7 (15... Nb8 16. Qh5
Qg5 (16... Rf8 17. Nxg7 $1 Kxg7 18. Rf3 $18 {[%cal Ga1f1]}) 17. Nxg7 $1 $18)
16. Qg4 Ng6 (16... g6 17. Nxh6 $1 Kxh6 18. Qh4+ Kg7 19. Qf6+ Kh6 20. Rf3 $18)
17. h4 $16) ({But since Aronian later carried out the Breyer regrouping anyway,
now was the best moment for it.} 12... Nb8 13. Qf3 (13. Nd5 Nbd7) 13... Nbd7)
13. dxc4 Kh7 ({Could he have overlooked that} 13... Nb8 {runs into} 14. c5 $14
dxc5 $6 15. Nxh6+ $1 gxh6 16. Qxd8 Rxd8 17. Rxf6 $16) (13... Re6 {solves only
part of the problem.} 14. Qf3 Nb8 15. g4 Nbd7 16. Kh1 $36) 14. Qf3 Nb8 $6 {
With such strong white pressure and such a considerable lead in development,
this counter-developing move is obviously a suicide. This mixture of classical
with rapid chess may not be the most inspired innovation ever.} ({It is also
true that there was no simple way to deal with the pressure:} 14... Ng8 15.
Rad1 {[%cal Gc4c5]} (15. c5 dxc5 16. Rad1 Qg5 17. Rd7) 15... b6 (15... g6 16.
Nxd6 $5 cxd6 17. Qxf7+ Kh8 18. Qxg6 Rf8 19. Nb5 $36) 16. Qg3 Qg5 (16... g6 17.
Nd4 $3 exd4 18. Rxf7+ Kh8 19. Qxg6 $18) 17. Nd5 Rac8 18. Qh3 {[%cal Gf1f3]} g6
19. Rf3 $5 $16 gxf5 $2 20. Rg3 Qd8 21. Qxf5+ Kh8 22. Qg4 Qg5 23. Qh3 Qd8 24.
Rf1 Rf8 25. Rxg8+ Kxg8 26. Qxh6 $18) 15. Nxh6 $1 $18 Kxh6 16. Qh3+ Kg6 17. Rf3
Nh5 18. Rf5 Nf6 (18... Rh8 19. Qg4+) 19. Qh4 {[%cal Gf5g5]} (19. Qh4 Ng8 20.
Qh5#) 1-0